<?xml version="1.0" encoding="UTF-8"?>
<record
    xmlns:xsi="http://www.w3.org/2001/XMLSchema-instance"
    xsi:schemaLocation="http://www.loc.gov/MARC21/slim http://www.loc.gov/standards/marcxml/schema/MARC21slim.xsd"
    xmlns="http://www.loc.gov/MARC21/slim">

  <leader>01345    a2200217   4500</leader>
  <controlfield tag="003">Nust</controlfield>
  <controlfield tag="005">20221125122717.0</controlfield>
  <datafield tag="010" ind1=" " ind2=" ">
    <subfield code="a">   96028816</subfield>
  </datafield>
  <datafield tag="020" ind1=" " ind2=" ">
    <subfield code="a">0133937607</subfield>
  </datafield>
  <datafield tag="040" ind1=" " ind2=" ">
    <subfield code="c">Nust</subfield>
  </datafield>
  <datafield tag="082" ind1="0" ind2="0">
    <subfield code="a">621.3815,BOG</subfield>
  </datafield>
  <datafield tag="100" ind1="1" ind2=" ">
    <subfield code="a">Bogart, Theodore F.</subfield>
    <subfield code="9">83343</subfield>
  </datafield>
  <datafield tag="245" ind1="1" ind2="0">
    <subfield code="a">Electronic devices and circuits /</subfield>
    <subfield code="c">Theodore F. Bogart, Jr.</subfield>
  </datafield>
  <datafield tag="250" ind1=" " ind2=" ">
    <subfield code="a">4th ed.</subfield>
  </datafield>
  <datafield tag="260" ind1=" " ind2=" ">
    <subfield code="a">Upper Saddle, N.J. :</subfield>
    <subfield code="b">Prentice Hall,</subfield>
    <subfield code="c">1997.</subfield>
  </datafield>
  <datafield tag="300" ind1=" " ind2=" ">
    <subfield code="a">xv, 1001 p. :</subfield>
    <subfield code="b">ill. ;</subfield>
    <subfield code="c">24 cm.</subfield>
  </datafield>
  <datafield tag="505" ind1=" " ind2=" ">
    <subfield code="a">Introduction (Page-1), The pn Junction (Page-6), The Diode as a Circuit Element (Page-33), Bipolar Junction Transistors (Page-80), Field Effect Transistors (Page-137), Amplifier Fundamentals (Page-177), Small-Signal Transistor Amplifiers (Page-198), Ideal Operational Amplifier Circuits and analysis (Page-276), Frequency Response (Page-302), Operational Amplifier Theory and Performance (Page-366), Advanced Operational Amplifier Applications (Page-418), Wave Generation and Shaping (Page-470), Regulated and Switching Power Supplies (Page-512), Digital-to-Analog and Analog-to-Digital Converters (Page-544), Special Electronic Devices (Page-576), Transistor Analog Circuits Building Blocks (Page-692), Introduction to Digital VLSI Design (Page-754).</subfield>
  </datafield>
  <datafield tag="650" ind1=" " ind2="0">
    <subfield code="a">Electronic apparatus and appliances.</subfield>
    <subfield code="9">10193</subfield>
  </datafield>
  <datafield tag="650" ind1=" " ind2="0">
    <subfield code="a">Electronic circuits.</subfield>
  </datafield>
  <datafield tag="942" ind1=" " ind2=" ">
    <subfield code="2">ddc</subfield>
    <subfield code="c">BK</subfield>
  </datafield>
  <datafield tag="999" ind1=" " ind2=" ">
    <subfield code="c">179139</subfield>
    <subfield code="d">179139</subfield>
  </datafield>
  <datafield tag="952" ind1=" " ind2=" ">
    <subfield code="0">0</subfield>
    <subfield code="1">0</subfield>
    <subfield code="2">ddc</subfield>
    <subfield code="4">0</subfield>
    <subfield code="7">0</subfield>
    <subfield code="a">MCS</subfield>
    <subfield code="b">MCS</subfield>
    <subfield code="c">GEN</subfield>
    <subfield code="d">2016-12-12</subfield>
    <subfield code="o">621.3815,BOG</subfield>
    <subfield code="p">MCS27463</subfield>
    <subfield code="r">2016-12-08</subfield>
    <subfield code="w">2016-12-12</subfield>
    <subfield code="y">BK</subfield>
    <subfield code="z">Almirah No.32, Shelf No.5</subfield>
  </datafield>
  <datafield tag="952" ind1=" " ind2=" ">
    <subfield code="0">0</subfield>
    <subfield code="1">0</subfield>
    <subfield code="2">ddc</subfield>
    <subfield code="4">0</subfield>
    <subfield code="7">0</subfield>
    <subfield code="a">MCS</subfield>
    <subfield code="b">MCS</subfield>
    <subfield code="c">GEN</subfield>
    <subfield code="d">2022-11-25</subfield>
    <subfield code="l">0</subfield>
    <subfield code="o">621.3815,BOG</subfield>
    <subfield code="p">MCS36277</subfield>
    <subfield code="r">2022-11-25</subfield>
    <subfield code="w">2022-11-25</subfield>
    <subfield code="y">BK</subfield>
    <subfield code="z">Almirah No.32, Shelf No.5</subfield>
  </datafield>
</record>
